000 01084cam a2200133 4500500
005 20251214004016.0
041 _afre
042 _adc
100 1 0 _aBerstein, Serge
_eauthor
245 0 0 _aLa France des années 1930
260 _bArmand Colin,
_c2011.
520 _aSerge Berstein est Professeur émérite des Universités à l’Institut d’Études Politiques de Paris et ancien directeur du Cycle supérieur d’Histoire du 20e siècle à l’IEP de Paris.1. Les Français des années 1930 2. La crise économique et sociale en France de 1930 à 19353. La crise politique dans la France des années 19304. La crise intellectuelle et morale de la France des années 19305. Une tentative de solution à la crise française : le Front populaire (1934-été 1936)6. L’échec du Front populaire et l’agonie de la IIIe République (automne 1936-automne 1939)7. La crise des politiques internationale et militaire et l’effondrement de la IIIe République
856 4 1 _uhttps://shs.cairn.info/la-france-des-annees-30--9782200248895?lang=fr&redirect-ssocas=7080
999 _c1568125
_d1568125